| 000 | 00519nam a2200181 4500 | ||
|---|---|---|---|
| 001 | VA20981 | ||
| 003 | ES-SlBCS | ||
| 005 | 20210601154736.0 | ||
| 008 | 140520s1969 xxu||||| |||| 00| 0 spa d | ||
| 041 | _aspa | ||
| 100 | 1 |
_aVercin, Guy _9373239 |
|
| 245 | 1 | 0 |
_aEl drama de la juvenud delincuente _b:Rip y su destino _cGuy Vercin; María Teresa Caro |
| 260 |
_aMadrid : _bStudium _c, 1969 |
||
| 300 |
_a179 p.; _c18 cm |
||
| 650 |
_aDelincuencia Juvenil _9148182 |
||
| 700 | 1 | 0 |
_aCaro, María Teresa _9373240 |
| 942 | _cBK | ||
| 999 |
_c808929 _d808929 |
||